Participantes do Big Brother Brasil 14 - Statistics

Estatísticas Gerais
  • Esse quiz foi jogado 32 vezes
  • A pontuação média é 13 de 20
Estatísticas das Respostas
Colocação Participante % Correto
Clara Aguilar
100%
Vanessa Mesquita
100%
Angela Munhoz
91%
Cássio Carvalho
91%
Aline Gantz
82%
Marcelo Zagonel
82%
10º Franciele Almeida
73%
14º Amanda Soares
68%
Diego Grossi
68%
12º Letícia Santiago
59%
Valter Slim
59%
20º João Almeida
55%
Tatiele Polyana
55%
16º Bella Pereira
50%
17º Princy Cavalcante
50%
18º Rodrigo Lima
50%
13º Salvador Júnior
50%
15º Vagner Lara
50%
19º Alisson Guimarães
41%
11º Roni Oliveira
41%
Nenhum quiz correspondente encontrado
Distribuição das Pontuações
Porcentagem de Pessoas com Cada Pontuação
Percentil de Números Respondidos
Sua Pontuação Histórica
Você não jogou esse quiz